000 00470nmm a2200157Ia 4500
008 251105s9999||||xx |||||||||||||||||und||
020 _a9789587713442
041 _aspa
100 _aLazcano, César
245 0 _aBiotecnología ambiental de aguas y aguas residuales (2a. ed.)
264 _a[Bogotá, Colombia] :
_bEcoe Ediciones,
_c2016
300 _a552 páginas
650 _aEngineering
856 _uhttps://public.digitaliapublishing.com/a/70490
942 _cCF
999 _c96207
_d96207